Online
Catalog

Encuesta nacional de hogares de propósitos múltiples (ENHOGAR 2008) : (Record no. 38047)

MARC details
000 -CABECERA
campo de control de longitud fija 01672nam a2200289 a 4500
001 - NÚMERO DE CONTROL
campo de control 000038557
003 - IDENTIFICADOR DEL NÚMERO DE CONTROL
campo de control DO-SdBNP
005 - FECHA Y HORA DE LA ÚLTIMA TRANSACCIÓN
campo de control 20250221073755.0
008 - DATOS DE LONGITUD FIJA--INFORMACIÓN GENERAL
campo de control de longitud fija 100205s2011 dr a 000 0 spa d
040 ## - FUENTE DE LA CATALOGACIÓN
Centro catalogador/agencia de origen DO-SdBNP
Lengua de catalogación spa
Centro/agencia transcriptor BNPHU
082 ## - NÚMERO DE LA CLASIFICACIÓN DECIMAL DEWEY
Número de clasificación 317.293
Número de documento/Ítem R426e, 2008
110 1# - ENTRADA PRINCIPAL--NOMBRE DE ENTIDAD CORPORATIVA
Nombre de entidad corporativa o nombre de jurisdicción como elemento de entrada República Dominicana
Unidad subordinada Secretaría de Estado de Economía, Planificación y Desarrollo
-- Oficina Nacional de Estadística
9 (RLIN) 34693
245 10 - MENCIÓN DE TÍTULO
Título Encuesta nacional de hogares de propósitos múltiples (ENHOGAR 2008) :
Resto del título situación de la mujer , la niñez y la adolescencia : informe general /
Mención de responsabilidad, etc. presentación Pablo Tactuk.
260 ## - PUBLICACIÓN, DISTRIBUCIÓN, ETC.
Lugar de publicación, distribución, etc. Santo Domingo :
Nombre del editor, distribuidor, etc. ONE,
-- BID,
Fecha de publicación, distribución, etc. 2011.
300 ## - DESCRIPCIÓN FÍSICA
Extensión 168 p. :
Otras características físicas il. ;
Dimensiones 28 cm.
505 0# - NOTA DE CONTENIDO CON FORMATO
Nota de contenido con formato Introducción --
Título Aspectos metodológicos --
-- Caraterísticas de la vivienda --
-- Características de los hogares --
-- Careterísticas básica de la población --
-- Seguridad social --
-- Programa de ayuda social --
-- Juvilación y pensiones que benefician a la población --
-- Seguro de salud --
-- Mortalidad y atención a laSalud --
-- Anexos: diseño de la muestra de ENHOGAR-2008--
590 ## - NOTA LOCAL (RLIN)
Nota local Inventariado,2018/DG
650 #4 - PUNTO DE ACCESO ADICIONAL DE MATERIA--TÉRMINO DE MATERIA
Término de materia o nombre geográfico como elemento de entrada Encuestas de hogares
Subdivisión geográfica República Dominicana
Subdivisión cronológica 2008
Subdivisión de forma Estadísticas
9 (RLIN) 57326
650 #4 - PUNTO DE ACCESO ADICIONAL DE MATERIA--TÉRMINO DE MATERIA
Término de materia o nombre geográfico como elemento de entrada Seguridad social
Subdivisión geográfica República Dominicana
Subdivisión cronológica 2008
Subdivisión general Estadísticas
9 (RLIN) 57327
650 #4 - PUNTO DE ACCESO ADICIONAL DE MATERIA--TÉRMINO DE MATERIA
Término de materia o nombre geográfico como elemento de entrada Mortalidad
Subdivisión geográfica República Dominicana
Subdivisión cronológica 2008
Subdivisión general Estadísticas
9 (RLIN) 57328
651 #4 - PUNTO DE ACCESO ADICIONAL DE MATERIA--NOMBRE GEOGRÁFICO
Nombre geográfico República dominicana
Subdivisión de forma Estadísticas
Subdivisión cronológica 2008
9 (RLIN) 81383
700 1# - PUNTO DE ACCESO ADICIONAL--NOMBRE DE PERSONA
Nombre de persona Tactuk, Pablo
9 (RLIN) 5774
710 2# - PUNTO DE ACCESO ADICIONAL--NOMBRE DE ENTIDAD CORPORATIVA
Nombre de entidad corporativa o nombre de jurisdicción como elemento de entrada Banco Interamericano de Desarrollo
9 (RLIN) 9655
710 1# - PUNTO DE ACCESO ADICIONAL--NOMBRE DE ENTIDAD CORPORATIVA
Nombre de entidad corporativa o nombre de jurisdicción como elemento de entrada República Dominicana.
Unidad subordinada Oficina Nacional de Estadística
9 (RLIN) 5775
910 ## - DATOS DE OPCIÓN DEL USUARIO (OCLC)
Datos de opción del usuario Validado. Control de calidad MFF
942 ## - ELEMENTOS DE PUNTO DE ACCESO ADICIONAL (KOHA)
Fuente del sistema de clasificación o colocación Dewey Decimal Classification
Tipo de ítem Koha Libro
Holdings
Estado de retiro Estado de pérdida No para préstamo Código de colección Localización permanente Ubicación/localización actual Ubicación en estantería Fecha de adquisición Número de inventario Total de préstamos Signatura topográfica completa Código de barras Fecha visto por última vez Precio válido a partir de Tipo de ítem Koha Número de copia
    Excluido de préstamo Patrimonio Dominicano Patrimonio Dominicano Patrimonio Dominicano Depósito 15.04.2013 LF1   317.293 R426e, 2008 38557-10 25.06.2020 25.06.2020 Libro y Folleto Colección Patrimonio Dominicano  
    Excluido de préstamo Patrimonio Dominicano Patrimonio Dominicano Patrimonio Dominicano Depósito 25.03.2015 LF1   317.293 R426e, 2008 38557-20 25.06.2020 25.06.2020 Libro y Folleto Colección Patrimonio Dominicano e. 2

Powered by Koha